00680nam a22001697a 4500003000900000008004100009040007100050082001700121100002500138245004300163260003400206300002800240505016600268650002800434650002100462650002700483AR-CdUCM190227b ||||| |||| 00| 0 spa d aMUNICIPALIDAD PROVINCIAL DEL CUSCOcBIBLIOTECA MUNICIPAL DEL CUSCO a288.6 /bV19 aValda Palma, Roberto aLos obispos rojos de Latinoamérica / aLima :bLibr. Studium,c1971. a112 páginas ;c17 cm. aContenido: Dom Helder Pesoa Camara -- Mons. Alberto Devoto -- Mons. Jorge Manrique Hurtado -- Cardenal Juan Landazuri Ricketts -- Mons. Gerardo Valencia Cano ... aReligión y Política aIglesia y Estado aSociología Cristiana